Movies Quiz

Random Movies or Marvel Quiz
Score 0/100 Timer 12:00
0 Plays Today
Year Movie % Correct
1997Titanic
92.2%
2009Avatar
88.9%
1977Star Wars
88%
2012Marvel's The Avengers
84.2%
2008The Dark Knight
78.3%
2015Avengers: Age of Ultron
73.9%
2013Iron Man 3
73.7%
2010Iron Man 2
73.7%
2015Star Wars: The Force Awakens
71.2%
2002Spider-Man
71%
2005Star Wars: Episode III - Revenge of the Sith
70.1%
2012The Dark Knight Rises
69.9%
2001The Lord of the Rings: The Fellowship of the Ring
69.9%
2010Toy Story 3
68.7%
2010Harry Potter and the Deathly Hallows Part 1
68.5%
2002Star Wars: Episode II - Attack of the Clones
68.5%
2005Harry Potter and the Goblet of Fire
68.3%
2004Harry Potter and the Prisoner of Azkaban
68.1%
2009Harry Potter and the Half-Blood Prince
67.6%
2002Harry Potter and the Chamber of Secrets
67.6%
2007Harry Potter and the Order of the Phoenix
66.1%
2002The Lord of the Rings: The Two Towers
65.8%
2003The Lord of the Rings: The Return of the King
64.9%
1993Jurassic Park
64.9%
2004Spider-Man 2
64.7%
2007Spider-Man 3
63.6%
2013Frozen
62.3%
2015Jurassic World
61.8%
2011Harry Potter and the Deathly Hallows Part 2
60.1%
2014Captain America: The Winter Soldier
59.4%
2001Harry Potter and the Sorcerer's Stone
57.4%
2004Shrek 2
56.3%
2003Finding Nemo
55.8%
1999Star Wars: Episode I - The Phantom Menace
54.3%
Year Movie % Correct
2007Shrek the Third
53.4%
2007Transformers
53.3%
2006Pirates of the Caribbean: Dead Man's Chest
52.4%
2013Thor: The Dark World
52.4%
1994The Lion King
52.2%
2012The Hobbit: An Unexpected Journey
50.9%
2007Pirates of the Caribbean: At World's End
50.5%
2009Transformers: Revenge of the Fallen
49.8%
2011Transformers: Dark of the Moon
49.3%
2015Furious 7
48.2%
2010Shrek Forever After
48.2%
2012The Hunger Games
48%
1982E.T.: The Extra-Terrestrial
47.3%
2011Pirates of the Caribbean: On Stranger Tides
47.1%
2009Up
46.9%
2012The Amazing Spider-Man
46.7%
2014X-Men: Days of Future Past
46.7%
2014Transformers: Age of Extinction
46%
2011Fast Five
46%
2013The Hobbit: The Desolation of Smaug
45.8%
2014The Hunger Games: Mockingjay - Part 1
45.8%
2013The Hunger Games: Catching Fire
45.3%
1994Forrest Gump
44.9%
2014The Hobbit: The Battle of the Five Armies
43.5%
2013Fast & Furious 6
43.1%
2014The Amazing Spider-Man 2
42.4%
2014Guardians of the Galaxy
40.8%
2013Man of Steel
40.6%
2004The Incredibles
40.4%
2010Inception
40%
2009The Twilight Saga: New Moon
39.9%
2012Skyfall
39.7%
2003Pirates of the Caribbean: The Curse of the Black Pearl
38.9%
2011The Twilight Saga: Breaking Dawn Part 1
38.6%
Year Movie % Correct
2015The Hunger Games: Mockingjay - Part 2
38%
2010The Twilight Saga: Eclipse
37.5%
2015Minions
36.6%
2013Despicable Me 2
35.1%
2015Inside Out
35.1%
1996Independence Day
34.8%
2012The Twilight Saga: Breaking Dawn Part 2
34.1%
2006Ice Age: The Meltdown
34.1%
2003The Matrix Reloaded
33.5%
2009Ice Age: Dawn of the Dinosaurs
33.2%
2011Mission: Impossible - Ghost Protocol
32.1%
2015Spectre
31.9%
2008Indiana Jones and the Kingdom of the Crystal Skull
31.7%
2012Ice Age: Continental Drift
31.3%
2013Monsters University
29.9%
2015Mission: Impossible - Rogue Nation
26.8%
2012Madagascar 3: Europe's Most Wanted
24.8%
2010Alice in Wonderland
24.6%
2007Ratatouille
24.6%
2012MIB 3
24.5%
2014Interstellar
23.7%
1999The Sixth Sense
23.6%
2008Kung Fu Panda
20.1%
2013Gravity
19%
2011Kung Fu Panda 2
18.8%
2005The Chronicles of Narnia: The Lion, the Witch and the Wardrobe
18.5%
2014Big Hero 6
18.3%
20092012
17.8%
2008Hancock
14.5%
2014Maleficent
12%
2006The Da Vinci Code
10.5%
2014Dawn of the Planet of the Apes
8.9%
Come Together.
Have Fun.
All Virtual.
We all need to come together. Play Sporcle's virtual live trivia to have fun, connect with people, and get your trivia on. Join a live hosted trivia game for your favorite pub trivia experience done virtually. If a virtual private party is more your thing, go here for details.

You're not logged in!

Compare scores with friends on all Sporcle quizzes.
OR
Log In

Sporcle TV

Today on Sporcle TV


Watch our educational content, quiz creation guides, and fun videos on Sporcle TV.

Show Comments

Extras

Top Quizzes Today


Score Distribution

Paid Content

Your Account Isn't Verified!

In order to create a playlist on Sporcle, you need to verify the email address you used during registration. Go to your Sporcle Settings to finish the process.

Report this User

Report this user for behavior that violates our Community Guidelines.

Details: